000 00645nam a2200277Ia 4500
005 20260324134145.0
008 008 260324s9999 xx 000 0 eng d
020 _a9780429222429
037 _aEBOOK
040 _aCRL
040 _beng
040 _cCRL
041 _2eng
041 _aeng
084 _qCRL
100 _aZhigang Li
_91154607
245 0 _aIndustrial Applications Of Electron Microscopy
260 _bTaylor and Francis
260 _c2002
365 _a
365 _b760
856 _uhttp://www.taylorfrancis.com/books/9780429222429
942 _cEBOOK
999 _c1795550
_d1795550